000 00283nam a22001217a 4500
020 _a0-07-014892-9
082 _a621 CUL'P
100 _aCULP, ARCHIVE W
_975717
245 _aPRINCIPLES OF ENERGY CONVERSION
260 _aNEWYORK
_bMCGRAW HILL
_c1979
300 _a499P
942 _cBK
999 _c581110
_d581110